000 00632nam a2200205Ia 4500
005 20260121110308.0
008 008 260114s9999 xx 000 0 hin d
020 _a9788132366874
037 _aEBOOK
040 _aCRL
_bhin
_cCRL
041 _ahin
_2hin
084 _qCRL
100 _aनिखिल बजाज / Nikhil Bajaj
_9944430
245 0 _aपुष्प डिजाइनिंग / Pushp Designing
260 _bभाषा प्रकाशन / Bhasha Prakashan
_c2021
856 _uhttps://bhashaprakashan.com/product-details/379544
942 _cEBOOK
999 _c1536094
_d1536094